Minecraft - Block Entites - Statistics

General Stats
  • This quiz has been taken 26 times
    15 since last reset
  • The average score is 35 of 70
Answer Stats
Hint Answer % Correct
The block is used by bees to make honey Beehive
100%
Same hint as above Bee Nest
89%
You place it down and then you write something Sign
89%
Same hint as above, but it sticks out Hanging Sign
78%
A block that stores items Chest
67%
A block that can spawn any mob Monster Spawner
67%
You sleep on it Bed
56%
Makes a ringing sound when you hit it and gives glowing effect to illagers Bell
56%
A block that can store liquids, snow and potions Cauldron
56%
A block that is an operator item that can output a command Command Block
56%
Activate it and it'll give you water breathing, night vision and better mining speed when under the water Conduit
56%
The head of a monster that explodes Creeper Head
56%
Outputs a redstone signal whenever it turns day or night Daylight Detector
56%
The head of the boss in The End Dimension Dragon Head
56%
Is used to enter the End Dimension End Portal
56%
Can be used as decoration to put plants in Flower Pot
56%
A block that smelts other blocks or items Furnace
56%
Same hint as above, but brighter Glow Item Frame
56%
Can be placed in any orientation and can display only one item Item Frame
56%
A block that plays music when using a music disc Jukebox
56%
A block that is used to link to a compass to have the block marked on the compass Lodestone
56%
A block that can play a music tone Note Block
56%
The head of a scammer that loves gold Piglin Head
56%
A block that can push other blocks Piston
56%
The head of the user playing the game or someone else's Player Head
56%
The skull of a monster armed with bows and arrows Skeleton Skull
56%
A block that can push or attract a block onto it Sticky Piston
56%
Same as hint above, except different Suspicious Gravel
56%
A block that stores a random item that can be brushed Suspicious Sand
56%
The skull of a monster living in the Nether Fortress Wither Skeleton Skull
56%
The head of a stupid brainless monster Zombie Head
56%
Can have different colors on itself and can have patterns on it Banner
44%
A block that stores items, but is a full block in size Barrel
44%
A block that requires specific ore blocks to be powered and give the player a set of status effects Beacon
44%
A faster version of above above answer, but only smelts ores Blast Furnace
44%
Used to brew potions Brewing Stand
44%
It emits smoke particles and can cook any raw food Campfire
44%
A block that can store books that you can take in and out and gives out a redstone signal Chiseled Bookshelf
44%
A mob made of copper that doesn't move Copper Golem Statue
44%
A block that can automatically make an item with a redstone signal Crafter
44%
A block that spawns a monster at night mostly in Pale Gardens Creaking Heart
44%
A block that can fire projectiles out of it or other stuff Dispenser
44%
A block that spits out an item when it was placed inside of it Dropper
44%
A block that can power the player's tools and armor at the cost of xp and lapis Enchanting Table
44%
A block that stores items that is linked to other of the same block Ender Chest
44%
A block that teleports the player or mobs to the outer end islands or the main end island End Gateway
44%
A block that can be used to transport blocks and items Hopper
44%
A block that can only hold a book and quill and gives out a redstone signal Lectern
44%
A redstone component that stores its output strength Redstone Comparator
44%
A block that spreads its kind when something dies nearby it Sculk Catalyst
44%
A block that can detect vibrations Sculk Sensor
44%
A block that screams when feeling vibrations nearby Sculk Shrieker
44%
A block that can display 3 items on one block and can be powered by redstone Shelf
44%
A block that stores items which the player can break and carry around while the items are kept Shulker Box
44%
A faster version of above answer, but only cooks food Smoker
44%
Same hint as above, but blue Soul Campfire
44%
A block that stores information about any structure Structure Block
44%
A block that stores items and activates a redstone signal Trapped Chest
44%
A block that can spawn any mob with a cooldown Trial Spawner
44%
A block that can give the player a random loot Vault
44%
A block that can detect vibrations and is partially covered with Amethyst Calibrated Sculk Sensor
33%
It's like the above above but is 3 by 2 blocks bigger Chalkboard
33%
A block that can make any element from the periodic table Element Constructor
33%
A block that stores information about any structure's sections (Note: The answer has not the same name as the answer above in it.) Jigsaw Block
33%
A block that is used to combine elements from the periodic table and items Lab Table
33%
A block that is used to see the elements of some blocks in the game Material Reducer
33%
A block that is used to combine elements from the periodic table to make items Compound Creator
22%
Can be used to store only one stack of items Decorated Pot
22%
Same as the hint above, but is 2 by 1 blocks Poster
22%
Same again as the hint above, but it's only 1 by 1 blocks Slate
22%
No matching quizzes found
Score Distribution
Percent of People with Each Score
Percentile by Number Answered
Your Score History
You have not taken this quiz since the last reset